000 00871nac a22002531i 4500
003 EG-ScBUE
005 20241110111852.0
008 241110s1946 nyua f 001 0 eng d
040 _aEG-ScBUE
_beng
_erda
_cEG-ScBUE
_dEG-ScBUE
082 0 4 _a516
_bPHI
_222
100 1 _aPhillips, H. B.,
_eauthor.
245 1 0 _aAnalytic geometry and calculus /
_cby H.B. Phillips, Ph.D., LL.D., professor of mathematics, Massachusetts Institute of Technology.
250 _aSecond edition.
264 1 _aNew York :
_bJ. Wiley & sons, inc.,
_c1946.
300 _axiii, 504 pages :
_billustrations ;
_c22 cm
336 _2rdacontent
_atext
_btxt
337 _aunmediated
_2rdamedia
_bn
338 _avolume
_bnc
_2rdacarrier
500 _aIncludes index.
650 7 _aCalculus.
_2BUEsh
650 7 _aGeometry, Analytic.
_2BUEsh
655 _vReading book
942 _cBB
_2ddc
999 _c3095
_d3095